Pays du monde - points par difficulté de réponses - Statistiques

Statistiques générales
  • Ce quiz a été pris 1 374 fois
  • Le résultat moyen est 178 sur 430
Réponses sur la Carte
Les réponses sont colorées sur une échelle allant du rouge au vert en fonction du pourcentage des utilisateurs qui les ont devinées à leur premier essai. Vous pouvez retrouver ces pourcentages ci-dessous.
 
Statistiques - réponses
Pays % Correct
Fidji
65%
Sainte-Lucie
64%
Saint-Vincent-et-les- Grenadines
64%
Saint-Christophe- et-Niévès
63%
Tuvalu
63%
Vanuatu
63%
Îles Marshall
62%
Kiribati
62%
Micronésie
61%
Nauru
61%
Tonga
61%
Palaos
60%
Samoa
60%
Comores
59%
Lesotho
59%
Cap-Vert
58%
Seychelles
58%
Cuba
57%
Etats-Unis
57%
France
57%
Salomon
56%
Sao Tomé-et-Principe
56%
Barbade
55%
Eswatini
55%
Belize
54%
Brunei
54%
Haïti
54%
Russie
54%
Bhoutan
53%
Île Maurice
53%
Grenade
52%
Maldives
52%
Saint-Marin
52%
Timor oriental
52%
Antigua-et-Barbuda
51%
Bahamas
51%
Canada
51%
Dominique
51%
Trinité-et-Tobago
51%
Chine
50%
Malte
50%
Andorre
49%
Bahreïn
49%
Guinée
49%
Suriname
49%
Kirghizistan
48%
Ouzbékistan
48%
Vatican
48%
Jamaïque
47%
Papouasie-Nouvelle- Guinée
47%
Sri Lanka
47%
Australie
46%
Guyana
46%
Inde
46%
Liechtenstein
46%
Monaco
46%
Tadjikistan
46%
Turkménistan
46%
Burundi
45%
Brésil
44%
Chypre
44%
Koweït
44%
Oman
44%
Panama
44%
Djibouti
43%
Salvador
43%
Honduras
42%
Mexique
42%
Népal
42%
République dominicaine
42%
Rwanda
42%
Togo
41%
Yémen
41%
Nicaragua
40%
Qatar
40%
République démocratique du Congo
40%
Singapour
40%
Taïwan
40%
Costa Rica
39%
Kazakhstan
39%
Madagascar
39%
Guatemala
38%
Japon
38%
Laos
38%
Malawi
38%
Mongolie
38%
République du Congo
38%
Bénin
37%
Érythrée
37%
Indonésie
37%
Islande
37%
Soudan
37%
Uruguay
37%
Guinée-Bissau
36%
Nouvelle-Zélande
36%
Gambie
35%
Paraguay
35%
Argentine
34%
Chili
34%
Émirats arabes unis
34%
Espagne
34%
Kosovo
34%
Guinée équatoriale
33%
Algérie
32%
Azerbaïdjan
32%
Birmanie
32%
Danemark
32%
Pérou
32%
Zambie
32%
Maroc
31%
Soudan du Sud
31%
Italie
30%
Sierra Leone
30%
Zimbabwe
30%
Angola
29%
Arménie
29%
Irak
29%
Iran
29%
Malaisie
29%
Mali
29%
Ouganda
29%
Pakistan
29%
Bangladesh
28%
Bolivie
28%
Israël
28%
Liban
28%
Philippines
28%
Suède
28%
Colombie
27%
Géorgie
27%
Liberia
27%
Portugal
27%
Afghanistan
26%
Afrique du Sud
26%
Corée du Nord
26%
Ghana
26%
Irlande
26%
Luxembourg
26%
Niger
26%
Botswana
25%
Corée du Sud
25%
Gabon
25%
Somalie
25%
Tchad
25%
Tunisie
25%
Égypte
24%
Estonie
24%
Libye
24%
Mozambique
24%
Norvège
24%
Thaïlande
24%
Viêt Nam
24%
Allemagne
23%
Finlande
23%
Jordanie
23%
Macédoine du Nord
23%
Moldavie
23%
Monténégro
23%
Venezuela
23%
Cambodge
22%
Lettonie
22%
Lituanie
22%
Namibie
22%
Nigeria
22%
République Centrafricaine
22%
Turquie
22%
Royaume-Uni
21%
Sénégal
21%
Syrie
21%
Arabie Saoudite
20%
Burkina Faso
20%
Éthiopie
20%
Mauritanie
20%
Suisse
20%
Ukraine
20%
Grèce
19%
Kenya
19%
Albanie
18%
Belgique
18%
Tanzanie
18%
Pays-Bas
17%
Biélorussie
16%
Cameroun
16%
Bosnie-Herzégovine
15%
Croatie
15%
Pologne
15%
Autriche
14%
Slovénie
14%
Côte d'Ivoire
13%
Slovaquie
13%
Roumanie
12%
Serbie
12%
Hongrie
11%
Bulgarie
10%
République tchèque
10%
Aucun quiz correspondant
Distribution des résultats
% des personnes avec chaque résultat
Percentile par nombre de réponses
Votre historique - résultats
Vous n’avez pas pris ce quiz